Statistics for Countries that Start with /dʒ/ (phonetically)

Click here to take the quiz!

General Stats

  • This quiz has been taken 25 times
  • The average score is 4 of 6

Answer Stats

Answer % Correct
Jamaica/dʒəˈmeɪkə/
96%
Jordan/ˈdʒɔːdən/
87%
Japan/dʒəˈpæn/
83%
Djibouti/dʒɪˈbuːti/
74%
Germany/ˈdʒɜːmənɪ/
52%
Georgia/ˈdʒɔːdʒjə/
43%

Score Distribution

Percentile by Number Answered

Percent of People with Each Score

Your Score History

You have not taken this quiz